Responses for Show #3657 - Tuesday, June 27, 2000

Contestants

[<< previous game]

Marci Schwartz, an office manager from Brooklyn, New York

Ryan Grant, an economic consultant from Berkeley, California

Rick Robertson, an environmental consultant from Carrollton, Texas (whose 2-day cash winnings total $18,500)

[next game >>]

Jeopardy! Round responses

U.S. CITIES
LORRAINE CHECK
ART FOR ART'S SAKE!
HOME BALLPARKS
(Alex: You identify the baseball team.)
VIDEOGRAPHY
BODY LANGUAGE
    $100 21
Tallahassee

Ryan
    $100 5
Quiche Lorraine

Rick
    $100 16
The Last Supper

Rick
    $100 1
Chicago White Sox

Rick
    $100 11
tripod

Ryan
    $100 22
a leg

Marci
    $200 23
Long Beach

Ryan
    $200 6
Boston

Rick
    $200 17
Vincent Van Gogh

Rick
    $200 2
Pittsburgh Pirates

Rick
    $200 12
(Ryan: What is dubbing?)
(Rick: What is reproduction?)

generations

RickRyan
Triple Stumper
    $200 24
nose

Marci
    $300 28
Miami

Marci
    $300 7
Cross of Lorraine

Rick
    $300 18
pope

Rick
    $300 3
Colorado Rockies

Marci
    $300 13
telephoto

Triple Stumper
    $300 25
upper lip

Ryan
    $1,000 29
Buffalo

Marci
    $400 8
Lorraine Hansberry

Triple Stumper
    $400 19
Auguste Rodin (The Kiss)

Triple Stumper
    $400 4
Philadelphia Phillies

Ryan
    $400 14
panning

Rick
    $400 26
knees

Rick
    $500 30
Pittsburgh

Ryan
    $500 9
Alsace-Lorraine

Rick
    $500 20
Florence

Marci
    $500 10
San Francisco Giants

Ryan
    $500 15
(Ryan: What is super 8?)

high 8

Ryan
Triple Stumper
    $500 27
(Ryan: What is cheek?)

jowl

RickRyan

Scores at the first commercial break (after clue 15):

Rick Ryan Marci
$1,600 $300 $300

Scores at the end of the Jeopardy! Round:

Rick Ryan Marci
$3,100 $900 $2,400

Double Jeopardy! Round responses

SIR ARTHUR CONAN DOYLE
COFFEE
AROUND THE BLOC
FILM BIOS
(Alex: We want you to name the person whose life inspired each of the films.)
TRAVEL & TOURISM
2-LETTER WORDS
    $200 21
South Africa

Ryan
    $200 1
blend

Ryan
    $200 22
Warsaw Pact

Ryan
    $200 11
Andy Kaufman

Rick
    $200 3
Australia

Ryan
    $200 16
Id

Rick
    $400 26
Waterloo

Rick
    $400 2
ice

Marci
    $400 23
Josip Broz Tito

Ryan
    $400 12
Fanny Brice

Triple Stumper
    $400 5
Mount Rainier

Ryan
    $400 17
It

Ryan
    $600 27
Edinburgh

Ryan
    $600 4
Ethiopia

Marci
    $600 24
Hungary

Ryan
    $600 13
Ritchie Valens

Rick
    $600 8
Tivoli

Ryan
    $600 18
pi

Rick
    $800 30
The Lost World

Triple Stumper
    $800 6
(Ryan: What is Colombia?)

Jamaica

Ryan
    $800 25
Vaclav Havel

Rick
    $800 14
Charlie Parker

Marci
    $800 9
Casablanca

Rick
    $800 19
No

Ryan
    $1000 29
(Rick: Who was Queen Victoria?)
(Marci: Who was King George?)

Edward VII

RickMarci
Triple Stumper
    $1000 7
tiramisu

Triple Stumper
    $4,000 28
Solidarity

Ryan
    $1000 15
Dian Fossey

Marci
    $1000 10
Theodore Roosevelt National Park

Rick
    $1000 20
Io

Marci

Scores at the end of the Double Jeopardy! Round:

Rick Ryan Marci
$6,700 $8,700 $5,200

[wagering suggestions for these scores]

Final Jeopardy! Round responses

ODD JOBS
MarciWhat is jester?
$3,500
RickWhat was court jester?
$1,400
RyanWhat is a minstrel?
$5,300
Court jester

Final scores:

Rick Ryan Marci
$8,100 $3,400 $8,700
2nd place: a trip to Couples Resort, Jamaica 3rd place: a $1,000 shopping spree courtesy of Sony Card New champion: $8,700

Game dynamics:

Coryat scores:

Rick Ryan Marci
$6,700 $6,500 $4,600
20 R,
2 W
19 R
(including 1 DD),
4 W
(including 1 DD)
11 R
(including 1 DD),
1 W

Combined Coryat: $17,800

[game clues] [game scores] [suggest correction]

Game tape date: 2000-03-29
The J! Archive is created by fans, for fans. Scraping, republication, monetization, and malicious use prohibited; this site may use cookies and collect identifying information. See terms. The Jeopardy! game show and all elements thereof, including but not limited to copyright and trademark thereto, are the property of Jeopardy Productions, Inc. and are protected under law. This website is not affiliated with, sponsored by, or operated by Jeopardy Productions, Inc. Join the discussion at JBoard.tv.